Giáo trình lý thuyết tài chính - tiền tệ
Sau khi đã giới thiệu với độc giả cuốn giáo trình: Lý Thuyết Tài chính Tiền Tệ xuất bản lần thứ nhất, nhằm cung cấp những kiến thức cơ bản về Tài chính Tiền Tệ cho Sinh Viên học trong khối ngành Kinh tế, đã được độc giả nhiệt tình...
Đã lưu trong:
| 主要作者: | |
|---|---|
| 格式: | 图书 |
| 语言: | Undetermined |
| 出版: |
Thành phố Hồ Chí Minh
Thống Kê
2011
|
| 主题: | |
| 标签: |
添加标签
没有标签, 成为第一个标记此记录!
|
| Thư viện lưu trữ: | Trung tâm Học liệu Trường Đại học Cần Thơ |
|---|
| LEADER | 01078nam a2200205Ia 4500 | ||
|---|---|---|---|
| 001 | CTU_179866 | ||
| 008 | 210402s9999 xx 000 0 und d | ||
| 020 | |c 68000 | ||
| 082 | |a 332.4 | ||
| 082 | |b C506 | ||
| 100 | |a Phan, Thị Cúc | ||
| 245 | 0 | |a Giáo trình lý thuyết tài chính - tiền tệ | |
| 245 | 0 | |c Phan Thị Cúc | |
| 260 | |a Thành phố Hồ Chí Minh | ||
| 260 | |b Thống Kê | ||
| 260 | |c 2011 | ||
| 520 | |a Sau khi đã giới thiệu với độc giả cuốn giáo trình: Lý Thuyết Tài chính Tiền Tệ xuất bản lần thứ nhất, nhằm cung cấp những kiến thức cơ bản về Tài chính Tiền Tệ cho Sinh Viên học trong khối ngành Kinh tế, đã được độc giả nhiệt tình đón nhận, và đã được tái bản lần thứ hai. | ||
| 650 | |a Budget,Finance,Money,Ngân sách,Tài chính,Tiền tệ | ||
| 904 | |i Ánh Ngân, Nhung | ||
| 980 | |a Trung tâm Học liệu Trường Đại học Cần Thơ | ||